| 000 | 00714nam a22001817a 4500 | ||
|---|---|---|---|
| 999 |
_c372061 _d372061 |
||
| 008 | 201127b ||||| |||| 00| 0 eng d | ||
| 040 |
_aDE-2950 _bger _cDE-2950 _erda |
||
| 041 | _ager | ||
| 245 |
_aUkraine-Zentrum an der Viadrina geplant. _bWissenschaft. Die Europa-Universität will die dringend benötigte Ukraine-Kompetenz nutzen, ausbauen und systematisieren/ _csep. |
||
| 264 | _c2022 | ||
| 653 | _aFrankfurt (Oder) | ||
| 653 | _aEuropa-Universität Viadrina | ||
| 773 |
_dFrankfurt (Oder) Märkisches Verlags- und Druckhaus GmbH & Co KG _tMärkische Oderzeitung _g33. Jahrgang (2022) Nr. 302 vom 28.12.2022, S. 15 |
||
| 942 | _cA | ||